| 000 | 00619nac a22002051u 4500 | ||
|---|---|---|---|
| 020 | _a0582494850 | ||
| 082 |
_a624.184 _bMET |
||
| 090 |
_c6350 _d6350 |
||
| 100 | _aMettem C. J. | ||
| 245 |
_aStructural timber design and technology/ _cC. J. Mettem |
||
| 260 |
_aHarlow: _bLongman scientific and yechnical,1986 _c1986 |
||
| 300 |
_a343p.: _bill.; _c28 cm. |
||
| 500 | _adistributer: Al-Ahram | ||
| 500 | _aIncludes index | ||
| 511 | _acatalogued by: wessam | ||
| 650 | _aTimber | ||
| 650 | _astructural design | ||
| 650 | _abuilding wooden | ||
| 942 |
_cBB _k624.184MET |
||
| 999 |
_c6350 _d6350 |
||